[Event "2. Bundesliga Mitte 2005/2006"]
[Site "Ansfelden"]
[Date "2006.02.04"]
[Round "6.6"]
[White "Steiner, Stefan"]
[Black "Spirk, Stefan"]
[Result "1-0"]
[WhiteElo "2215"]
[BlackElo "2077"]
[PlyCount "63"]
[EventDate "2006.??.??"]

1. Nf3 Nf6 2. d4 g6 3. Nc3 d5 4. Bf4 Bg7 5. e3 Bf5 6. Be2 c6 7. Ne5 h5 8. h4
Nbd7 9. f3 a6 10. g4 hxg4 11. fxg4 Be4 12. Rh2 Qb6 13. Na4 Qa5+ 14. c3 b5 15.
Nc5 Nxc5 16. dxc5 Rc8 17. h5 gxh5 18. gxh5 Nd7 19. Nxd7 Kxd7 20. h6 Bf6 21. a3
Rcg8 22. Kf2 e5 23. Bg3 Rg6 24. Bd3 Bxd3 25. Qxd3 e4 26. Qe2 Rxg3 27. Kxg3 Be5+
28. Kg2 Bxh2 29. Qg4+ Ke7 30. Qg5+ Ke6 31. Rf1 Qc7 32. Rf6+ 1-0

[Event "2. Bundesliga Mitte 2005/2006"]
[Site "Ansfelden"]
[Date "2006.02.05"]
[Round "7.1"]
[White "Flumbort, Andras"]
[Black "Haba, Petr"]
[Result "1/2-1/2"]
[WhiteElo "2484"]
[BlackElo "2498"]
[PlyCount "68"]
[EventDate "2006.??.??"]

1. d4 Nf6 2. c4 e6 3. Nc3 Bb4 4. Qc2 O-O 5. a3 Bxc3+ 6. Qxc3 b6 7. Bg5 Ba6 8.
e3 d6 9. Bd3 Nbd7 10. Ne2 h6 11. Bh4 c5 12. Qc2 Rc8 13. Qa4 cxd4 14. exd4 Nb8
15. O-O d5 16. b3 Qd7 17. Qb4 dxc4 18. bxc4 Nd5 19. Qb3 Ne7 20. Rfd1 Nf5 21.
Bg3 Nxg3 22. Nxg3 Qc7 23. Rac1 Rfd8 24. c5 Bxd3 25. Rxd3 Nc6 26. cxb6 Qxb6 27.
Qxb6 axb6 28. Rdc3 Ne7 29. Rxc8 Rxc8 30. Rxc8+ Nxc8 31. Ne4 Kf8 32. Kf1 Ke7 33.
Ke2 Kd7 34. a4 Kc6 1/2-1/2

[Event "2. Bundesliga Mitte 2005/2006"]
[Site "Ansfelden"]
[Date "2006.02.05"]
[Round "7.1"]
[White "Farago, Ivan"]
[Black "Sandhoefner, Florian"]
[Result "1/2-1/2"]
[WhiteElo "2467"]
[BlackElo "2268"]
[PlyCount "85"]
[EventDate "2006.??.??"]

1. d4 d5 2. c4 c6 3. Nf3 Nf6 4. Nc3 dxc4 5. a4 Bf5 6. Ne5 Nbd7 7. Nxc4 Qc7 8.
g3 e5 9. dxe5 Nxe5 10. Bf4 Nfd7 11. Bg2 Be6 12. Nxe5 Nxe5 13. O-O Qa5 14. Nb5
Rd8 15. Nd4 Bb4 16. e3 Bc4 17. Qh5 Bxf1 18. Nb3 Be2 19. Qxe2 Qc7 20. a5 O-O 21.
a6 b6 22. Nd4 Bd6 23. Bxe5 Bxe5 24. Nxc6 Rc8 25. Rd1 Rce8 26. b4 Re6 27. b5 Rd6
28. Bd5 Bf6 29. e4 Re8 30. Qc4 Rd7 31. f4 Kh8 32. Kg2 g6 33. Rc1 Bg7 34. Rc2
Bf6 35. e5 Bg7 36. Qb3 Rf8 37. e6 fxe6 38. Bxe6 Rd6 39. Ne5 Qe7 40. Nf7+ Rxf7
41. Bxf7 Qe4+ 42. Kh3 Qf5+ 43. Kg2 1/2-1/2

[Event "2. Bundesliga Mitte 2005/2006"]
[Site "Ansfelden"]
[Date "2006.02.05"]
[Round "7.2"]
[White "Horvath, Peter"]
[Black "Uhlmann, Wolfgang"]
[Result "1-0"]
[WhiteElo "2484"]
[BlackElo "2442"]
[PlyCount "131"]
[EventDate "2006.??.??"]

1. d4 Nf6 2. c4 g6 3. g3 Bg7 4. Bg2 O-O 5. Nc3 c5 6. d5 e6 7. Nf3 exd5 8. cxd5
d6 9. O-O Re8 10. Nd2 Nbd7 11. Nc4 Nb6 12. Nxb6 Qxb6 13. a4 Bf5 14. a5 Qc7 15.
Qa4 h6 16. Bf4 Bd7 17. Qc4 g5 18. Bd2 Ng4 19. Nb5 Qb8 20. Bc3 Ne5 21. Qb3 g4
22. f4 gxf3 23. exf3 a6 24. Na3 Qc7 25. f4 Ng4 26. Bxg7 Kxg7 27. Qc3+ f6 28.
Rae1 h5 29. Nc4 Bb5 30. b3 Bxc4 31. bxc4 Qf7 32. Be4 Nh6 33. Qd3 f5 34. Qc3+
Kg6 35. Bf3 Ng4 36. h3 Nf6 37. Qd3 Rxe1 38. Rxe1 Re8 39. Rxe8 Qxe8 40. Kf2 Qh8
41. Kg2 Qh6 42. Qe3 Qf8 43. Qe6 Qd8 44. Be2 Kg7 45. Qxf5 Qxa5 46. Qg5+ Kf7 47.
Bxh5+ Nxh5 48. Qxh5+ Ke7 49. Qe2+ Kf8 50. h4 b5 51. h5 bxc4 52. h6 c3 53. Qc2
Qb4 54. Qf5+ Ke7 55. Qe6+ Kd8 56. h7 Qb2+ 57. Kh3 c2 58. Qxd6+ Kc8 59. Qxc5+
Kb7 60. Qc6+ Kb8 61. d6 c1=Q 62. Qxc1 Qxc1 63. h8=Q+ Kb7 64. Qg7+ Kb6 65. Qd4+
Kc6 66. d7 1-0

[Event "2. Bundesliga Mitte 2005/2006"]
[Site "Ansfelden"]
[Date "2006.02.05"]
[Round "7.2"]
[White "Benda, Herbert"]
[Black "Wegener, Dirk"]
[Result "1/2-1/2"]
[WhiteElo "2310"]
[BlackElo "2332"]
[PlyCount "73"]
[EventDate "2006.??.??"]

1. e4 e6 2. d4 d5 3. Nd2 c5 4. exd5 exd5 5. Ngf3 Nc6 6. Bb5 Bd6 7. dxc5 Bxc5 8.
O-O Nge7 9. Nb3 Bd6 10. Bg5 O-O 11. h3 h6 12. Bd2 Ng6 13. Re1 Nce5 14. Bc3
Nxf3+ 15. Qxf3 Qg5 16. Rad1 Rd8 17. Kh1 Bf5 18. Bf1 Nf4 19. Nd4 Be4 20. Qg4
Rac8 21. Qxg5 hxg5 22. Kg1 a6 23. g3 Nh5 24. Bg2 Nf6 25. Bd2 Bxc2 26. Nxc2 Rxc2
27. Bxg5 Rxb2 28. Rxd5 Nxd5 29. Bxd8 Nc3 30. Re8+ Kh7 31. Bf1 f5 32. Bc4 Bc5
33. Bg8+ Kh6 34. Bf7 Kh7 35. Bg8+ Kh6 36. Bf7 Kh7 37. Bg8+ 1/2-1/2

[Event "2. Bundesliga Mitte 2005/2006"]
[Site "Ansfelden"]
[Date "2006.02.05"]
[Round "7.2"]
[White "Rolletschek, Heinrich"]
[Black "Sandner, Wolfgang"]
[Result "1/2-1/2"]
[WhiteElo "2246"]
[BlackElo "2185"]
[PlyCount "67"]
[EventDate "2006.??.??"]

1. e4 c5 2. g3 d6 3. Bg2 Nc6 4. Ne2 g6 5. c3 e5 6. d4 Bg4 7. f3 Bd7 8. Be3 h5
9. dxc5 dxc5 10. h4 Qe7 11. Na3 O-O-O 12. Qc2 Be6 13. Bh3 Bxh3 14. Rxh3 Bh6 15.
Bxh6 Nxh6 16. Rh1 Qe6 17. Kf2 f5 18. b3 Rhf8 19. Rad1 fxe4 20. Qxe4 Rxd1 21.
Rxd1 Qh3 22. Rd6 Ng4+ 23. Ke1 Nh2 24. Rxc6+ bxc6 25. Qxc6+ Kd8 26. Qd6+ Ke8 27.
Qxg6+ Rf7 28. f4 Qf1+ 29. Kd2 Qf2 30. Nc4 Nf3+ 31. Kd3 Ne1+ 32. Kd2 Nf3+ 33.
Kd3 Ne1+ 34. Kd2 1/2-1/2

[Event "2. Bundesliga Mitte 2005/2006"]
[Site "Ansfelden"]
[Date "2006.02.05"]
[Round "7.2"]
[White "Kreisl, Robert"]
[Black "Woeber, Friedrich"]
[Result "1/2-1/2"]
[WhiteElo "2241"]
[BlackElo "2155"]
[PlyCount "56"]
[EventDate "2006.??.??"]

1. e4 e5 2. Nf3 Nc6 3. Bb5 f5 4. d3 fxe4 5. dxe4 Nf6 6. Qe2 d6 7. Bxc6+ bxc6 8.
Qc4 Qd7 9. Nc3 a5 10. Bg5 Ba6 11. Qa4 Bb5 12. Nxb5 cxb5 13. Qb3 a4 14. Qd3 Be7
15. Rd1 Qc6 16. Bxf6 Bxf6 17. O-O O-O 18. Rc1 Rad8 19. Rfd1 Qc5 20. c4 b4 21.
Qd5+ Qxd5 22. cxd5 Rf7 23. Rc4 Rb8 24. Rdc1 Bd8 25. Ne1 Bg5 26. Rd1 b3 27. a3
Ra8 28. Kf1 Be3 1/2-1/2

[Event "2. Bundesliga Mitte 2005/2006"]
[Site "Ansfelden"]
[Date "2006.02.05"]
[Round "7.2"]
[White "Winiwarter, Felix"]
[Black "Dietmayer Kraeutler, Marco"]
[Result "0-1"]
[WhiteElo "2119"]
[BlackElo "2227"]
[PlyCount "106"]
[EventDate "2006.??.??"]

1. e4 d5 2. exd5 Qxd5 3. Nc3 Qa5 4. d4 Nf6 5. Nf3 Bf5 6. Bd2 e6 7. Bc4 Bb4 8.
O-O O-O 9. Re1 Nc6 10. h3 Rad8 11. a3 Bxc3 12. Bxc3 Qb6 13. b4 Be4 14. Nd2 Bd5
15. a4 Nxb4 16. Rb1 a5 17. Bxd5 Nfxd5 18. Ba1 Qc6 19. c4 Nf4 20. Re4 Ng6 21.
Rg4 Qd7 22. Nf3 c5 23. Qb3 Qe7 24. Re1 cxd4 25. Nxd4 Qc5 26. Qc3 e5 27. Nf3 Rd3
28. Qc1 Rxf3 29. gxf3 Qc6 30. Qc3 f6 31. h4 Rd8 32. c5 Rd3 33. Qc4+ Kf8 34. h5
Nf4 35. Rxf4 exf4 36. Qxf4 Rxf3 37. Qb8+ Kf7 38. Qd8 Nd5 39. h6 Rf5 40. hxg7
Rg5+ 41. Kf1 Qa6+ 42. Re2 Kxg7 43. Qd7+ Kg6 44. Qe8+ Kg7 45. Qd7+ Kh6 46. Qh3+
Rh5 47. Qf3 Qc4 48. Bxf6 Nf4 49. Bg7+ Kxg7 50. Qxb7+ Kh6 51. Qb6+ Kg5 52. Qd8+
Kg4 53. Qd7+ Kf3 0-1

[Event "2. Bundesliga Mitte 2005/2006"]
[Site "Ansfelden"]
[Date "2006.02.05"]
[Round "7.3"]
[White "Rogic, Davor"]
[Black "Kozul, Zdenko"]
[Result "1/2-1/2"]
[WhiteElo "2502"]
[BlackElo "2639"]
[PlyCount "68"]
[EventDate "2006.??.??"]

1. e4 c5 2. Nf3 Nc6 3. d4 cxd4 4. Nxd4 Nf6 5. Nc3 d6 6. h3 e6 7. Be3 Be7 8. g4
h6 9. Qd2 a6 10. O-O-O Nxd4 11. Qxd4 e5 12. Qd2 Be6 13. f4 Qa5 14. a3 exf4 15.
Bxf4 Rd8 16. Bg2 Nd7 17. Kb1 Ne5 18. Nd5 Qxd2 19. Bxd2 Bxd5 20. exd5 h5 21. Bc3
Bf6 22. Be4 hxg4 23. hxg4 Rxh1 24. Rxh1 Nxg4 25. Ba5 g6 26. Bxd8 Kxd8 27. c4
Nf2 28. Re1 Bd4 29. Bc2 a5 30. Ba4 Be5 31. Rf1 Bg3 32. Re1 Be5 33. Rf1 Bd4 34.
Re1 Be5 1/2-1/2

[Event "2. Bundesliga Mitte 2005/2006"]
[Site "Ansfelden"]
[Date "2006.02.05"]
[Round "7.3"]
[White "Stevic, Hrvoje"]
[Black "Neubauer, Martin"]
[Result "1/2-1/2"]
[WhiteElo "2511"]
[BlackElo "2444"]
[PlyCount "25"]
[EventDate "2006.??.??"]

1. e4 c5 2. c3 e6 3. d4 d5 4. exd5 exd5 5. Bb5+ Nc6 6. Nf3 Bd6 7. dxc5 Bxc5 8.
O-O Nge7 9. Nbd2 O-O 10. Nb3 Bd6 11. Bd3 h6 12. h3 Bc7 13. Re1 1/2-1/2

[Event "2. Bundesliga Mitte 2005/2006"]
[Site "Ansfelden"]
[Date "2006.02.05"]
[Round "7.3"]
[White "Jurkovic, Hryoje"]
[Black "Schachinger, Mario"]
[Result "1-0"]
[WhiteElo "2453"]
[BlackElo "2183"]
[PlyCount "71"]
[EventDate "2006.??.??"]

1. e4 e6 2. Nc3 d5 3. Nf3 Nf6 4. e5 Ne4 5. Ne2 h6 6. d3 Ng5 7. Nxg5 hxg5 8. d4
c5 9. c3 Nc6 10. Be3 cxd4 11. cxd4 Bb4+ 12. Nc3 Qb6 13. a3 Be7 14. Be2 Bd7 15.
b4 f6 16. Na4 Qd8 17. exf6 gxf6 18. h4 f5 19. Bh5+ Kf8 20. hxg5 Bxg5 21. Nc5
Bxe3 22. fxe3 Qc7 23. Kf2 Ke7 24. Nd3 Rhg8 25. Nf4 Rg7 26. Bf3 Kf7 27. Rh6 Rag8
28. Bxd5 Nd8 29. Rc1 Qb8 30. Qh5+ Kf8 31. Ng6+ Rxg6 32. Rxg6 Rxg6 33. Qxg6 exd5
34. Rh1 Nf7 35. Rh7 Qe8 36. Qf6 1-0

[Event "2. Bundesliga Mitte 2005/2006"]
[Site "Ansfelden"]
[Date "2006.02.05"]
[Round "7.3"]
[White "Zechner, Gernot"]
[Black "Ceschia, Ivano"]
[Result "0-1"]
[WhiteElo "2169"]
[BlackElo "2321"]
[PlyCount "52"]
[EventDate "2006.??.??"]

1. d4 Nf6 2. c4 e6 3. Nc3 Bb4 4. e3 O-O 5. Nge2 d5 6. a3 Be7 7. Ng3 b6 8. Bd3
Re8 9. O-O Ba6 10. Qe2 c5 11. dxc5 bxc5 12. Rd1 d4 13. exd4 cxd4 14. Be4 Nxe4
15. Qxe4 Qb6 16. c5 Bxc5 17. b4 dxc3 18. bxc5 Qb3 19. Rd6 Bb7 20. c6 Bxc6 21.
Rxc6 Nxc6 22. Qxc6 Rac8 23. Qf3 Red8 24. Bg5 f6 25. Bh4 Qb2 26. Rf1 c2 0-1

[Event "2. Bundesliga Mitte 2005/2006"]
[Site "Ansfelden"]
[Date "2006.02.05"]
[Round "7.3"]
[White "Toefferl, Heimo"]
[Black "Sattler, Franz"]
[Result "1-0"]
[WhiteElo "2116"]
[BlackElo "1979"]
[PlyCount "73"]
[EventDate "2006.??.??"]

1. d4 Nf6 2. c4 e6 3. Nc3 d5 4. Nf3 Nbd7 5. cxd5 exd5 6. Bg5 h6 7. Bh4 c6 8.
Qc2 Be7 9. e3 O-O 10. Bd3 Re8 11. O-O Ne4 12. Bxe7 Qxe7 13. Rae1 f5 14. a3 g5
15. Re2 g4 16. Ne1 Ndf6 17. Nd1 Nd6 18. f3 Bd7 19. Ref2 Rf8 20. Be2 h5 21. Nd3
Nc4 22. Qc1 h4 23. fxg4 fxg4 24. Nf4 Kg7 25. Bd3 Ne4 26. Nh5+ Kh6 27. Bxe4 Kxh5
28. Bf5 g3 29. Rf4 gxh2+ 30. Kxh2 Bxf5 31. Rxf5+ Rxf5 32. Rxf5+ Kg6 33. e4 dxe4
34. Rc5 Qd6+ 35. Kh1 Qg3 36. Qxc4 Rf8 37. Qe2 1-0

[Event "2. Bundesliga Mitte 2005/2006"]
[Site "Ansfelden"]
[Date "2006.02.05"]
[Round "7.4"]
[White "Horvath, Tamas"]
[Black "Lenic, Luka"]
[Result "1/2-1/2"]
[WhiteElo "2396"]
[BlackElo "2348"]
[PlyCount "32"]
[EventDate "2006.??.??"]

1. e4 e5 2. Nf3 Nc6 3. Bb5 a6 4. Ba4 Nf6 5. O-O b5 6. Bb3 Bb7 7. c3 Nxe4 8. d4
Na5 9. Nxe5 Nxb3 10. Qxb3 Nd6 11. c4 bxc4 12. Nxc4 Nxc4 13. Qxc4 Be7 14. Bf4
Rc8 15. Nc3 O-O 16. Rfe1 Bg5 1/2-1/2

[Event "2. Bundesliga Mitte 2005/2006"]
[Site "Ansfelden"]
[Date "2006.02.05"]
[Round "7.4"]
[White "Sebenik, Matej"]
[Black "Meszaros, Tamas"]
[Result "0-1"]
[WhiteElo "2386"]
[BlackElo "2400"]
[PlyCount "48"]
[EventDate "2006.??.??"]

1. d4 Nf6 2. Nf3 e6 3. c4 d5 4. g3 dxc4 5. Bg2 a6 6. O-O Nc6 7. Nc3 Rb8 8. e4
Be7 9. Qe2 b5 10. Rd1 Nb4 11. b3 cxb3 12. axb3 O-O 13. Bf4 Bb7 14. Ne5 Rc8 15.
d5 exd5 16. exd5 Qe8 17. Qd2 Rd8 18. Re1 Nfxd5 19. Nxd5 Nxd5 20. Qc2 Bb4 21.
Bxd5 Rxd5 22. Re4 Rc5 23. Qe2 Bxe4 24. Qxe4 Bc3 0-1

[Event "2. Bundesliga Mitte 2005/2006"]
[Site "Ansfelden"]
[Date "2006.02.05"]
[Round "7.4"]
[White "Sandhu, Mario"]
[Black "Jeric, Simon"]
[Result "1-0"]
[WhiteElo "2264"]
[BlackElo "2332"]
[PlyCount "71"]
[EventDate "2006.??.??"]

1. e4 e5 2. Nf3 Nc6 3. Bb5 Nge7 4. O-O g6 5. c3 a6 6. Ba4 Bg7 7. d4 exd4 8.
cxd4 b5 9. Bb3 d6 10. h3 O-O 11. Nc3 Bb7 12. Re1 Na5 13. Bc2 Re8 14. Bf4 Nc4
15. b3 Nb6 16. Ne2 Rc8 17. a4 bxa4 18. bxa4 d5 19. e5 Nc4 20. h4 Bc6 21. Nd2
Qd7 22. Ng3 Nb2 23. Qc1 Nxa4 24. Nb3 Rb8 25. h5 Qc8 26. Na5 Nb2 27. e6 fxe6 28.
hxg6 hxg6 29. Be5 Rf8 30. Bxg7 Kxg7 31. Qg5 Rf7 32. Bxg6 Rb6 33. Nh5+ Kf8 34.
Bxf7 Kxf7 35. Qg7+ Ke8 36. Nf6+ 1-0

[Event "2. Bundesliga Mitte 2005/2006"]
[Site "Ansfelden"]
[Date "2006.02.05"]
[Round "7.4"]
[White "Starc, Christian"]
[Black "Frosch, Ronald"]
[Result "0-1"]
[WhiteElo "2158"]
[BlackElo "2213"]
[PlyCount "110"]
[EventDate "2006.??.??"]

1. d4 d6 2. Nf3 Nf6 3. g3 e6 4. Bg2 Be7 5. O-O O-O 6. c4 Nbd7 7. Nc3 a6 8. Qc2
Rb8 9. b4 b6 10. Rd1 Re8 11. Bb2 c5 12. dxc5 bxc5 13. b5 Bb7 14. a4 Qc8 15. e4
e5 16. Bh3 Qc7 17. a5 Nf8 18. b6 Qc6 19. Nd5 Ne6 20. Qd3 Nd4 21. Nd2 Bd8 22.
Nf1 Bc8 23. Bg2 Nxd5 24. cxd5 Qb5 25. Bxd4 exd4 26. Qc2 f5 27. Rdb1 Qd7 28. Nd2
Qf7 29. Nc4 Qg6 30. Re1 f4 31. Qd3 Rf8 32. Ra3 Bd7 33. Qc2 Bb5 34. gxf4 Rxf4
35. Rg3 Qf6 36. e5 dxe5 37. Nxe5 c4 38. Nc6 d3 39. Qa2 Qc3 40. Rge3 Bh4 41. Rf1
Bxc6 42. dxc6 Bxf2+ 43. Qxf2 Rxf2 44. Bd5+ Kh8 45. Kxf2 Qd2+ 46. Kf3 Rf8+ 47.
Kg4 h5+ 48. Kxh5 Qxh2+ 49. Kg4 Rxf1 50. Rh3+ Qxh3+ 51. Kxh3 d2 52. c7 Rf8 53.
b7 d1=Q 54. c8=Q Qh5+ 55. Kg3 Qe5+ 0-1

[Event "2. Bundesliga Mitte 2005/2006"]
[Site "Ansfelden"]
[Date "2006.02.05"]
[Round "7.4"]
[White "Poeltl, Thomas"]
[Black "Muellneritsch, Anton"]
[Result "0-1"]
[WhiteElo "2159"]
[BlackElo "2199"]
[PlyCount "92"]
[EventDate "2006.??.??"]

1. d4 c5 2. d5 e5 3. c4 d6 4. Nc3 Be7 5. e4 Bg5 6. Bd3 Bxc1 7. Rxc1 Nf6 8. h3
Nbd7 9. Nge2 Nh5 10. Qd2 O-O 11. a3 Qf6 12. b4 b6 13. Bc2 Nf4 14. g3 Nh5 15.
O-O Qg6 16. Kh2 Ndf6 17. Rcd1 Re8 18. Nb5 Rd8 19. Nbc3 Nd7 20. f4 exf4 21. gxf4
Qh6 22. Qe1 Qf6 23. Ng3 Nxg3 24. Qxg3 cxb4 25. axb4 a5 26. bxa5 Rxa5 27. Ra1
Ba6 28. Rxa5 bxa5 29. Ra1 Rb8 30. Rxa5 Bxc4 31. Nd1 Be2 32. Ne3 g6 33. Ra7 Bb5
34. Bd1 Qd4 35. Ra3 Qb2+ 36. Ng2 Bf1 37. Ra7 Nf6 38. Re7 Rb4 39. e5 dxe5 40.
fxe5 Nxd5 41. Re8+ Kg7 42. Bf3 Nf4 43. Qg5 Nxg2 44. Qf6+ Kh6 45. Qxf7 Rf4 46.
e6 Qf2 0-1

[Event "2. Bundesliga Mitte 2005/2006"]
[Site "Ansfelden"]
[Date "2006.02.05"]
[Round "7.4"]
[White "Arztmann, Wolfgang"]
[Black "Wilfling, Hermann"]
[Result "1/2-1/2"]
[WhiteElo "2090"]
[BlackElo "2125"]
[PlyCount "62"]
[EventDate "2006.??.??"]

1. e4 c5 2. d3 g6 3. f4 Bg7 4. Nf3 d6 5. Be2 Nc6 6. O-O Nf6 7. Qe1 O-O 8. Kh1
Bd7 9. Qh4 Nd4 10. Nxd4 cxd4 11. Nd2 Qc7 12. Bd1 Rac8 13. Nf3 Qc5 14. f5 gxf5
15. Bh6 fxe4 16. Ng5 Bf5 17. dxe4 Bg6 18. a4 Qe5 19. Ra3 Rc5 20. Rg3 Bxh6 21.
Qxh6 Nxe4 22. Nxe4 Qxe4 23. h4 Rf5 24. Rxf5 Qxf5 25. Bf3 Rc8 26. h5 Qe5 27.
hxg6 hxg6 28. Rh3 Qe1+ 29. Kh2 Qe5+ 30. Kh1 Qe1+ 31. Kh2 Qe5+ 1/2-1/2

[Event "2. Bundesliga Mitte 2005/2006"]
[Site "Ansfelden"]
[Date "2006.02.05"]
[Round "7.5"]
[White "Horvath, Adam"]
[Black "Zaja, Ivan"]
[Result "1/2-1/2"]
[WhiteElo "2436"]
[BlackElo "2475"]
[PlyCount "81"]
[EventDate "2006.??.??"]

1. e4 e6 2. d4 d5 3. Nc3 Bb4 4. e5 Qd7 5. a3 Bxc3+ 6. bxc3 b6 7. Qg4 f5 8. Qg3
Ba6 9. Bxa6 Nxa6 10. a4 Kf7 11. Nh3 Ne7 12. Ng5+ Kg8 13. h4 h6 14. Nh3 Kh7 15.
Qd3 Nb8 16. g4 Nbc6 17. g5 h5 18. g6+ Nxg6 19. Rg1 Nf8 20. Bg5 Kg8 21. Bf6 Rh7
22. Qg3 Kh8 23. O-O-O f4 24. Nxf4 Qf7 25. Rg2 Ne7 26. Bxe7 Qxe7 27. Rdg1 c5 28.
Qe3 cxd4 29. cxd4 Rc8 30. Rg5 Qb4 31. Nxh5 Qxa4 32. Qd3 g6 33. Nf4 Rcc7 34.
Nxg6+ Nxg6 35. Qxg6 Qa1+ 36. Kd2 Qxd4+ 37. Ke1 Qc3+ 38. Kf1 Qc4+ 39. Ke1 Qc3+
40. Kf1 Qc4+ 41. Ke1 1/2-1/2

[Event "2. Bundesliga Mitte 2005/2006"]
[Site "Ansfelden"]
[Date "2006.02.05"]
[Round "7.5"]
[White "Bukal, Vladimir Jun"]
[Black "Sakelsek, Tadej"]
[Result "1/2-1/2"]
[WhiteElo "2398"]
[BlackElo "2421"]
[PlyCount "32"]
[EventDate "2006.??.??"]

1. d4 Nf6 2. c4 e6 3. Nc3 Bb4 4. a3 Bxc3+ 5. bxc3 d6 6. f3 Nbd7 7. e4 b6 8. Bd3
Bb7 9. Nh3 Qe7 10. O-O h6 11. Qe2 e5 12. Nf2 c5 13. a4 cxd4 14. cxd4 exd4 15.
a5 Ne5 16. Qb2 Nfd7 1/2-1/2

[Event "2. Bundesliga Mitte 2005/2006"]
[Site "Ansfelden"]
[Date "2006.02.05"]
[Round "7.5"]
[White "Stuhlik, Marko"]
[Black "Ebner, Hubert"]
[Result "1/2-1/2"]
[WhiteElo "2196"]
[BlackElo "2258"]
[PlyCount "59"]
[EventDate "2006.??.??"]

1. g3 Nf6 2. Bg2 d5 3. Nf3 g6 4. c4 Bg7 5. cxd5 Nxd5 6. Nc3 O-O 7. O-O Nc6 8.
h3 Re8 9. d4 Nxc3 10. bxc3 e5 11. d5 e4 12. dxc6 exf3 13. Bxf3 bxc6 14. Qxd8
Rxd8 15. Bg5 Bxh3 16. Rfc1 Rd6 17. Rab1 h5 18. Rb7 Bg4 19. Bxg4 hxg4 20. Rxc7
Re8 21. Rxa7 Be5 22. Ra4 f5 23. Rc2 Rd1+ 24. Kg2 Kf7 25. Rd2 Ra1 26. f4 Bxc3
27. Rc2 c5 28. Ra7+ Kg8 29. Re7 Rxe7 30. Bxe7 1/2-1/2

[Event "2. Bundesliga Mitte 2005/2006"]
[Site "Ansfelden"]
[Date "2006.02.05"]
[Round "7.5"]
[White "Aschenbrenner, Robert"]
[Black "Mitter, Gerd"]
[Result "1/2-1/2"]
[WhiteElo "2252"]
[BlackElo "2181"]
[PlyCount "47"]
[EventDate "2006.??.??"]

1. d4 d5 2. c4 e6 3. Nc3 Nf6 4. Bg5 Nbd7 5. cxd5 exd5 6. e3 Be7 7. Bd3 O-O 8.
Qc2 c6 9. Nge2 Re8 10. O-O Nf8 11. f3 Nh5 12. Bxe7 Rxe7 13. e4 g6 14. Rad1 Ne6
15. exd5 cxd5 16. f4 Neg7 17. Qb3 Bg4 18. Rd2 Bxe2 19. Bxe2 Nf6 20. Bf3 Nf5 21.
g3 Qd6 22. Kh1 Rae8 23. Qb5 Re1 24. Kg1 1/2-1/2

[Event "2. Bundesliga Mitte 2005/2006"]
[Site "Ansfelden"]
[Date "2006.02.05"]
[Round "7.5"]
[White "Gruenstaeudl, Wolfgang"]
[Black "Pfaffel, Thomas"]
[Result "1/2-1/2"]
[WhiteElo "2050"]
[BlackElo "2081"]
[PlyCount "23"]
[EventDate "2006.??.??"]

1. e4 c5 2. Nf3 d6 3. c3 Nf6 4. Be2 Nbd7 5. d3 e6 6. Nbd2 Be7 7. Nf1 Qc7 8. Ng3
b6 9. O-O Bb7 10. Nd2 g5 11. f4 gxf4 12. Rxf4 1/2-1/2

[Event "2. Bundesliga Mitte 2005/2006"]
[Site "Ansfelden"]
[Date "2006.02.05"]
[Round "7.6"]
[White "Mohr, Georg"]
[Black "Shengelia, David"]
[Result "1-0"]
[WhiteElo "2458"]
[BlackElo "2553"]
[PlyCount "165"]
[EventDate "2006.??.??"]

1. c4 b6 2. Nf3 Bb7 3. g3 Bxf3 4. exf3 c5 5. d4 cxd4 6. Qxd4 Nc6 7. Qd2 Qc7 8.
Nc3 Qe5+ 9. Qe3 Rc8 10. f4 Qxe3+ 11. fxe3 g6 12. b3 Bg7 13. Bb2 Nb4 14. Rb1 f5
15. Kd2 Nf6 16. Bg2 Kf7 17. Rhd1 h5 18. h4 Rhd8 19. Ke2 Ng4 20. Rd2 a6 21. Rbd1
d6 22. Nd5 Bxb2 23. Rxb2 Nxd5 24. Bxd5+ e6 25. Bb7 Rc7 26. Bxa6 Nf6 27. Kf3 Ne4
28. a4 Ke7 29. Ra1 Ra8 30. Bb5 Nc3 31. b4 Rca7 32. Bc6 Rc8 33. Bb5 Rca8 34. Rc1
Nxb5 35. cxb5 Rxa4 36. Rc7+ Kf6 37. Rc6 d5 38. Rxb6 Ra3 39. Ra6 R8xa6 40. bxa6
Rxa6 41. b5 Rb6 42. Ke2 Ke7 43. Kd3 Kd6 44. Kd4 Rb7 45. b6 Kc6 46. Ke5 Rxb6 47.
Rxb6+ Kxb6 48. Kxe6 Kc5 49. Kf6 Kc4 50. Kxg6 Kd3 51. Kxf5 Kxe3 52. Kg5 d4 53.
f5 d3 54. f6 d2 55. f7 d1=Q 56. f8=Q Qg4+ 57. Kh6 Ke2 58. Qf4 Qg8 59. Kxh5 Qh7+
60. Kg4 Qg6+ 61. Kh3 Qc6 62. h5 Qd5 63. g4 Qd3+ 64. Kh4 Qd5 65. g5 Qh1+ 66. Kg4
Qg2+ 67. Kf5 Kd3 68. g6 Qd5+ 69. Kg4 Ke2 70. Qf5 Qd4+ 71. Kg5 Qd8+ 72. Qf6 Qd2+
73. Kg4 Qd7+ 74. Kg5 Qd5+ 75. Kh4 Qe4+ 76. Kg5 Qd5+ 77. Kh6 Qd2+ 78. Kh7 Qc2
79. Qe6+ Kf1 80. Kh8 Qc5 81. Qf7+ Kg1 82. g7 Qe5 83. Kh7 1-0

[Event "2. Bundesliga Mitte 2005/2006"]
[Site "Ansfelden"]
[Date "2006.02.05"]
[Round "7.6"]
[White "Stohl, Igor"]
[Black "Horvath, Gyula"]
[Result "1-0"]
[WhiteElo "2548"]
[BlackElo "2441"]
[PlyCount "61"]
[EventDate "2006.??.??"]

1. d4 e6 2. g3 Nf6 3. Bg2 c5 4. Nf3 cxd4 5. Nxd4 d5 6. O-O Be7 7. c4 O-O 8.
cxd5 Nxd5 9. Qb3 Na6 10. Rd1 Nc5 11. Qc2 Qb6 12. Nc3 Nxc3 13. Qxc3 Bd7 14. Be3
Rac8 15. Qa3 Qa6 16. Qxa6 bxa6 17. Rac1 Rfd8 18. Nc6 Bxc6 19. Rxd8+ Rxd8 20.
Bxc6 Rc8 21. Be4 a5 22. Rc4 f5 23. Bc2 Kf7 24. b3 Ke8 25. Bd2 Bd8 26. a3 Rc7
27. Bxa5 Rc8 28. Be1 Rc7 29. Ba5 Rc8 30. Bc3 Rc7 31. Be5 1-0

[Event "2. Bundesliga Mitte 2005/2006"]
[Site "Ansfelden"]
[Date "2006.02.05"]
[Round "7.6"]
[White "Butunoi, Alexandru"]
[Black "Wittmann, Walter"]
[Result "1-0"]
[WhiteElo "2356"]
[BlackElo "2349"]
[PlyCount "93"]
[EventDate "2006.??.??"]

1. e4 c5 2. Nf3 d6 3. d4 cxd4 4. Nxd4 Nf6 5. Nc3 Nc6 6. Bg5 e6 7. Qd2 a6 8.
O-O-O Bd7 9. Nb3 b5 10. f4 b4 11. Bxf6 gxf6 12. Ne2 Qb6 13. Nbd4 a5 14. Kb1 a4
15. g3 Na5 16. b3 Be7 17. Bg2 Ra7 18. Qe3 Qc5 19. Nc1 Nc6 20. Rhe1 Rc7 21. Nxc6
Qxc6 22. Qd2 O-O 23. Nd3 Rb8 24. Nb2 Qa6 25. Bf1 Qa8 26. Bc4 Bf8 27. f5 exf5
28. Bd5 Qa6 29. Qf4 axb3 30. Bxb3 Be6 31. exf5 Bxb3 32. cxb3 Ra8 33. Na4 Qb5
34. Qf1 Qa5 35. Rc1 Rac8 36. Rxc7 Rxc7 37. Qf4 Qd5 38. Nb2 Rc5 39. Qg4+ Kh8 40.
Re8 Rc1+ 41. Kxc1 Qc6+ 42. Kb1 Qxe8 43. Qxb4 Bh6 44. Qxd6 Qe4+ 45. Qd3 Qh1+ 46.
Qd1 Qxh2 47. g4 {in Folge nach 100 Zuegen 1:0} 1-0

[Event "2. Bundesliga Mitte 2005/2006"]
[Site "Ansfelden"]
[Date "2006.02.05"]
[Round "7.6"]
[White "Arwanitakis, Michael"]
[Black "Pesorda, Ivan"]
[Result "1/2-1/2"]
[WhiteElo "2254"]
[BlackElo "2260"]
[PlyCount "21"]
[EventDate "2006.??.??"]

1. e4 c5 2. Ne2 e6 3. Nbc3 Nc6 4. g3 d5 5. exd5 exd5 6. Bg2 d4 7. Nd5 Nf6 8.
Nef4 Nxd5 9. Nxd5 Bd6 10. O-O O-O 11. d3 1/2-1/2

[Event "2. Bundesliga Mitte 2005/2006"]
[Site "Ansfelden"]
[Date "2006.02.05"]
[Round "7.6"]
[White "Krebs, Johann"]
[Black "Wagner, Stephan"]
[Result "1/2-1/2"]
[WhiteElo "2213"]
[BlackElo "2165"]
[PlyCount "41"]
[EventDate "2006.??.??"]

1. d4 Nf6 2. Nf3 e6 3. c4 b6 4. g3 Ba6 5. Qa4 Be7 6. Bg2 Bb7 7. O-O O-O 8. Nc3
Ne4 9. Qc2 Nxc3 10. Qxc3 Be4 11. Rd1 Bf6 12. Bf4 d6 13. Qe3 Bb7 14. Rac1 Qe7
15. c5 dxc5 16. dxc5 Rd8 17. Rxd8+ Qxd8 18. cxb6 cxb6 19. Bc7 Qe7 20. Qd3 Nc6
21. Bd6 1/2-1/2